Connecting countries (First=Last Letter) - Statistics

General Stats
  • This quiz has been taken 22 times
  • The average score is 9 of 22
Answer Stats
LETTERS ANSWERS % Correct
12 NAMIBIANGOLA
69%
13 TUNISIALGERIA
69%
11 LIBYALGERIA
62%
16 MAURITANIALGERIA
54%
20 NORTHMACEDONIALBANIA
54%
15 RUSSIAZERBAIJAN
54%
11 ZAMBIANGOLA
54%
25 CENTRALAFRICANREPUBLICHAD
46%
12 ISRAELEBANON
46%
16 LUXEMBOURGERMANY
46%
14 SLOVENIAUSTRIA
46%
9 BENINIGER
38%
15 BOLIVIARGENTINA
38%
17 MOZAMBIQUESWATINI
38%
14 SLOVAKIAUSTRIA
38%
11 SWEDENORWAY
38%
11 BENINIGERIA
31%
15 CHINAFGHANISTAN
31%
22 GEORGIARMENIAZERBAIJAN
31%
13 MALIVORYCOAST
23%
28 UNITEDARABEMIRATESAUDIARABIA
23%
35 CENTRALAFRICANREPUBLICAMEROONIGERIA
15%
No matching quizzes found
Score Distribution
Percent of People with Each Score
Percentile by Number Answered
Your Score History
You have not taken this quiz